000 01271nam a2200301 a 4500
001 BRCA_3463
005 20190320204309.0
041 _aeng
044 _aenk
084 _a752
_b.F47
_c1705
100 1 _aFernández de Avellaneda, Alonso
_99040
245 1 0 _aA Continuation of the Comical History of the most Ingenious Knight Don Quixote De la Mancha
_cby the Licenciate Alonzo Fernández de Avellaneda.
260 _aLondres
_bJeffery Wale
_c1705
300 _a437 p.
_bil.
_c20 cm.
500 _aEdición : Being a third volume ; never before Printed in English ; Illustrated with several curious Copper Cuts. Translated by Captain John Stevens
500 _aEjemplar por completo igual al anterior [751]. Piel; lomo y planos decorados con dorados Lúdovik Osterc
500 _aCon ex libris de : Francis Longe
500 _aQMB80
546 _aTexto en : inglés
650 1 4 _aNovela española
_yÉpoca clásica, 1500-1700
_9215
650 1 4 _aLiteratura española
_yÉpoca clásica, 1500-1700
_9216
650 1 4 _aNovela española
_ySiglo XVII
_9217
650 1 4 _aDon Quijote (Personaje ficticio)
_eNovela
_9218
700 1 _aStevens, John
_d?-1726
_eTraductor
_99041
740 0 _aEl Ingenioso Hidalgo Don Quijote de la Mancha
902 _aQFM
942 _2lcc
_cB
999 _c3199
_d3199